Nonlinear programming analysis and methods

Saved in:
Bibliographic Details
Main Author: Avriel, Mordecai
Format: Book
Language:English
Published: Mineola, New York Dover publications 2003
Subjects:
Tags: Add Tag
No Tags, Be the first to tag this record!

MARC

LEADER 00000nam$a2200000$$$4500
001 0017051
005 20240306135310.0
020 |a 0-486-43227-0 
041 0 |a eng 
044 |a US 
245 1 0 |a Nonlinear programming  |b analysis and methods  |c Mordecai Avriel 
264 1 |a Mineola, New York  |b Dover publications  |c 2003 
300 |a 512 s. 
610 2 0 |a programovanie nelineárne 
610 2 0 |a analýzy 
610 2 0 |a metódy 
610 2 0 |a optimalizácia 
610 2 0 |a výskum operačný 
100 1 |a Avriel, Mordecai